Statistiques concernant Culture Générale - Série 1495

Cliquez ici pour prendre le quiz!

Statistiques générales

  • Ce quiz a été pris 43 fois
  • Le résultat moyen est 6 sur 10

Statistiques - réponses

Question Réponse % Correct
Dans un orchestre symphonique, quel petit instrument à percussion, en acier ou en aluminium, tient son nom de sa forme géométrique ?triangle
98%
Sur un vêtement, quel mot de 3 lettres désigne une fermeture à glissière ?zip
83%
Selon l'expression, qu'est-ce "qui fait déborder le vase" ?la goutte d'eau
78%
Quel président de la Ve République française est né à Jarnac en 1916 ?François Mitterrand
75%
Avec quel artiste français, Alain Chamfort a-t-il cosigné sa chanson : "Bambou" en 1981 ?Serge Gainsbourg
73%
En 2003, quel chanteur interprète le rôle d'Alex dans le film : "Le Coeur des hommes" ?Marc Lavoine
63%
Qui est le présentateur des "12 coups de midi " ?Jean-Luc Reichmann
60%
Dans quel pays d'Afrique le chanteur Alpha Blondy est-il né ?Côte d'Ivoire
33%
Quel écrivain est l'auteur des “Martyrs”, en 1809 ?Chateaubriand
23%
À quel compositeur doit-on l'opéra “Faust”, en 1859 ?Charles Gounod
23%

Distribution des résultats

Percentile par nombre de réponses

% des personnes avec chaque résultat

Votre développement - résultats

Vous n’avez pas pris ce quiz